Elementos Químicos em 5 minutos - Statistics

Estatísticas Gerais
  • Esse quiz foi jogado 738 vezes
  • A pontuação média é 64 de 118
Estatísticas das Respostas
Elemento Resposta % Correto
1 Hidrogénio H
100%
2 Hélio He
99%
6 Carbono C
98%
3 Lítio Li
98%
5 Boro B
97%
4 Berílio Be
97%
8 Oxigênio O
93%
13 Alumínio Al
92%
9 Flúor F
92%
12 Magnésio Mg
92%
20 Cálcio Ca
89%
17 Cloro Cl
89%
14 Silício Si
89%
26 Ferro Fe
88%
28 Níquel Ni
88%
35 Bromo Br
87%
27 Cobalto Co
87%
10 Néon Ne
87%
15 Fósforo P
87%
24 Crómio Cr
86%
31 Gálio Ga
85%
22 Titânio Ti
85%
19 Potásio K
84%
18 Árgon Ar
83%
34 Selênio Se
83%
32 Germânio Ge
82%
25 Manganês Mn
82%
11 Sódio Na
82%
23 Vanádio V
81%
30 Zinco Zn
81%
29 Cobre Cu
80%
16 Enxofre S
80%
33 Arsênio As
79%
37 Rubídio Rb
79%
53 Iodo I
77%
56 Bário Ba
74%
55 Césio Cs
73%
49 Índio In
72%
54 Xénon Xe
71%
48 Cádmio Cd
67%
57 Lantânio La
67%
58 Cério Ce
66%
44 Rutênio Ru
66%
47 Prata Ag
65%
41 Nióbio Nb
65%
43 Tecnésio Tc
63%
52 Telúrio Te
63%
79 Ouro Au
62%
63 Európio Eu
60%
36 Criptônio Kr
60%
60 Neodímio Nd
60%
59 Praseodímio Pr
60%
64 Gadolínio Gd
59%
42 Mobibdênio Mo
57%
62 Samário Sm
57%
65 Térbio Tb
57%
46 Paládio Pd
55%
84 Polônio Po
55%
68 Érbio Er
54%
61 Promécio Pm
54%
88 Rádio Ra
54%
92 Urânio U
54%
67 Hólmio Ho
53%
76 Ósmio Os
53%
21 Escândio Sc
53%
87 Frâncio Fr
52%
78 Platina Pt
52%
83 Bismuto Bi
51%
77 Irídio Ir
51%
40 Zicôrnio Zr
50%
71 Lutécio Lu
49%
73 Tântalo Ta
49%
89 Actínio Ac
48%
85 Ástato At
47%
82 Chumbo Pb
47%
75 Rênio Re
47%
72 Háfnio Hf
45%
81 Tálio Tl
45%
50 Estanho Sn
43%
93 Neptúnio Np
42%
80 Mercúrio Hg
41%
38 Estrôncio Sr
41%
39 Ítrio Y
41%
95 Amerício Am
39%
7 Azoto N
36%
74 Tungsténio w
36%
94 Plutônio Pu
35%
86 Rádon Rn
35%
98 Califórnio Cf
30%
99 Einstênio Es
28%
101 Mendelévio Md
28%
102 Nobélio No
28%
45 Ródio Rh
28%
100 Férmio Fm
25%
104 Rutherfórdio Rf
24%
105 Dúbnio Db
23%
103 Laurêncio Lr
23%
51 Antimónio Sb
22%
66 Disprósio Dy
20%
90 Tório Th
19%
108 Hássio Hs
18%
97 Berquélio Bk
17%
91 Protactínio Pa
17%
106 Seabórgio Sg
17%
107 Bório Bh
15%
109 Meitnério Mt
15%
69 Túlio Tm
15%
70 Itérbio Yb
15%
96 Cúrio Cm
14%
110 Darmstácio Ds
14%
112 Copernício Cn
13%
111 Roentgénio Rg
13%
114 Fleróvio Fl
11%
116 Livermório Lv
10%
115 Ununpêntio Uup
4%
117 Ununséptio Uus
4%
118 Ununóctio Uuo
3%
113 Unúntrio Uut
3%
Nenhum quiz correspondente encontrado
Distribuição das Pontuações
Porcentagem de Pessoas com Cada Pontuação
Percentil de Números Respondidos
Sua Pontuação Histórica
Você não jogou esse quiz